<?xml version="1.0" encoding="UTF-8"?>
<collection xmlns="http://www.loc.gov/MARC21/slim">
 <record>
  <leader>03115nab a2200349 i 4500</leader>
  <controlfield tag="001">publ38686</controlfield>
  <controlfield tag="005">20260203135007.0</controlfield>
  <controlfield tag="008">260115s2026    hu      o     000   hun d</controlfield>
  <datafield tag="022" ind1=" " ind2=" ">
   <subfield code="a">0030-6002</subfield>
  </datafield>
  <datafield tag="024" ind1="7" ind2=" ">
   <subfield code="a">10.1556/650.2026.33340</subfield>
   <subfield code="2">doi</subfield>
  </datafield>
  <datafield tag="024" ind1="7" ind2=" ">
   <subfield code="a">36848548</subfield>
   <subfield code="2">mtmt</subfield>
  </datafield>
  <datafield tag="040" ind1=" " ind2=" ">
   <subfield code="a">SZTE Publicatio Repozitórium</subfield>
   <subfield code="b">hun</subfield>
  </datafield>
  <datafield tag="041" ind1=" " ind2=" ">
   <subfield code="a">hun</subfield>
  </datafield>
  <datafield tag="100" ind1="1" ind2=" ">
   <subfield code="a">Szigethi Tímea</subfield>
  </datafield>
  <datafield tag="245" ind1="1" ind2="0">
   <subfield code="a">Krónikus, teljes koszorúér-elzáródás rekanalizációja transradialis behatolásból</subfield>
   <subfield code="h">[elektronikus dokumentum] /</subfield>
   <subfield code="c"> Szigethi Tímea</subfield>
  </datafield>
  <datafield tag="260" ind1=" " ind2=" ">
   <subfield code="c">2026</subfield>
  </datafield>
  <datafield tag="300" ind1=" " ind2=" ">
   <subfield code="a">16-22</subfield>
  </datafield>
  <datafield tag="490" ind1="0" ind2=" ">
   <subfield code="a">ORVOSI HETILAP</subfield>
   <subfield code="v">167 No. 1</subfield>
  </datafield>
  <datafield tag="520" ind1="3" ind2=" ">
   <subfield code="a">Célkitűzés: Tudományos munkánk célja volt megvizsgálni a transradialis behatolás biztonságosságát és hatékonyságát krónikus teljes coronariaocclusio rekanalizációjában. Módszer: 2016 és 2019 között két cardiovascularis centrumban összesen 308 krónikus teljes coronariaocclusiós beteget vontunk be prospektív vizsgálatunkba. A transfemoralis behatolásból végzett eseteket kizártuk, így 272, transradialis behatolásból végzett krónikus teljes coronariaelzáródás miatt coronaria intervención átesett beteg adatait dolgoztuk fel. Procedurálisan sikeresnek tekintettük a beavatkozást, ha &lt;50%-os reziduális szűkület maradt vissza a beavatkozás végén. Vizsgáltuk a beavatkozás sikerességét, a major cardialis és cerebralis események előfordulásának gyakoriságát, a vascularis komplikációk arányát, a procedurális faktorokat. Eredmények: A 3 éves vizsgálati periódusban 272, komplex krónikus teljes coronariaocclusiós eset percutan coronariaintervencióját végeztük el transradialis behatolásból. A betegek átlagéletkora 73 ± 9 év volt, és 74%-uk volt férfi. A procedurális siker 83,4%, míg a technikai siker aránya 64,7% volt. A major cardialis és cerebralis események 1 éves előfordulása 15,6%, a vascularis szövődmények előfordulása 2,57% volt. Procedurális komplikációt 4,78%-ban észleltünk. Az esetek 1,8%-ában volt szükség technikai okok miatt transradialisról transfemoralisra váltani a beavatkozás alatt. Az átlagos kontrasztanyag-felhasználás 178 ml (176–211), az átlagos procedurális idő 52,3 min (51,3–66,2) és a sugárdózis 2140,5 (2110–2998) mGy volt. Következtetés: Eredményeink alapján elmondható, hogy a transradialis behatolásból végzett krónikus teljes coronariaelzáródás percutan intervenciója biztonságos és sikeres beavatkozás, amely elfogadható arányú szövődményrátával társul. Orv Hetil. 2026; 167(1): 16–22.</subfield>
  </datafield>
  <datafield tag="650" ind1=" " ind2="4">
   <subfield code="a">Klinikai orvostan</subfield>
  </datafield>
  <datafield tag="700" ind1="0" ind2="1">
   <subfield code="a">Olajos Dorottya</subfield>
   <subfield code="e">aut</subfield>
  </datafield>
  <datafield tag="700" ind1="0" ind2="1">
   <subfield code="a">Molnár Levente Domonkos</subfield>
   <subfield code="e">aut</subfield>
  </datafield>
  <datafield tag="700" ind1="0" ind2="1">
   <subfield code="a">Édes István</subfield>
   <subfield code="e">aut</subfield>
  </datafield>
  <datafield tag="700" ind1="0" ind2="1">
   <subfield code="a">Bárczi György</subfield>
   <subfield code="e">aut</subfield>
  </datafield>
  <datafield tag="700" ind1="0" ind2="1">
   <subfield code="a">Becker Dávid</subfield>
   <subfield code="e">aut</subfield>
  </datafield>
  <datafield tag="700" ind1="0" ind2="1">
   <subfield code="a">Vándor László</subfield>
   <subfield code="e">aut</subfield>
  </datafield>
  <datafield tag="700" ind1="0" ind2="1">
   <subfield code="a">Zima Endre István</subfield>
   <subfield code="e">aut</subfield>
  </datafield>
  <datafield tag="700" ind1="0" ind2="1">
   <subfield code="a">Gellér László Alajos</subfield>
   <subfield code="e">aut</subfield>
  </datafield>
  <datafield tag="700" ind1="0" ind2="1">
   <subfield code="a">Hizoh István</subfield>
   <subfield code="e">aut</subfield>
  </datafield>
  <datafield tag="700" ind1="0" ind2="1">
   <subfield code="a">Merkely Béla Péter</subfield>
   <subfield code="e">aut</subfield>
  </datafield>
  <datafield tag="700" ind1="0" ind2="1">
   <subfield code="a">Ruzsa Zoltán</subfield>
   <subfield code="e">aut</subfield>
  </datafield>
  <datafield tag="856" ind1="4" ind2="0">
   <subfield code="u">http://publicatio.bibl.u-szeged.hu/38686/1/Szigeti.pdf</subfield>
   <subfield code="z">Dokumentum-elérés </subfield>
  </datafield>
 </record>
</collection>
